|
|
|
|
| LEADER |
00568cam a2200145 7i4500 |
| 001 |
0000025531 |
| 005 |
20110308090000.0 |
| 020 |
0 |
0 |
|a 978-9943-01-472-5
|
| 090 |
0 |
0 |
|a UZBE 330.9
|b INT
|
| 245 |
0 |
0 |
|a International Conference :
|b The Global Financial - Economic Crisis, Ways And Measures To Overcome It In The Conditions of Uzbekistan (22 May 2009 : Tashkent, Uzbekistan).
|
| 260 |
0 |
0 |
|a Tashkent:
|b Ministry of Finance,
|c 2009.
|
| 300 |
# |
# |
|a 191 p.
|
| 650 |
0 |
0 |
|a Uzbekistan --
|x Economic conditions
|
| 651 |
0 |
0 |
|a Uzbekistan
|
| 999 |
|
|
|a 0000028214
|b Book
|c Countries
|e Business Information Centre
|